00553nam a2200157 a 450000100100000000500170001000800410002704000250006810000380009324500790013126000740021030000170028450000320030150400190033350500430035200003669120200930075857.0120125s1963 pr 000 0 spa d aDO-SdBNPbspacBNPHU1 aMeléndez Muñoz, Migueld1884-10aObras completas de Miguel Meléndez Muñoz /cMiguel Meléndez Muñoz. aSan Juan, Puerto Rico :bInstituto de Cultura Puertoriqueña,c1963. av. ;c22 cm. aLa biblioteca posee el v. 2 aBibliografía0 gv. 2.tCuentos de la carretera central